|
|
|
|
| LEADER |
02304nam a2200301 a 4500 |
| 008 |
090825s2001 bg a 000 0 eng d |
| 040 |
|
|
|a BD-DhAAL
|c BD-DhAAL
|
| 082 |
0 |
0 |
|a 516
|2 21
|
| 100 |
1 |
|
|a Mohammad, Khosh.
|
| 245 |
1 |
2 |
|a A text book on co-ordinate geometry and vector analysis /
|c Khosh Mohammad.
|
| 260 |
|
|
|a Dhaka :
|b Ideal Library,
|c 2001.
|
| 300 |
|
|
|a iv, 174 p. :
|b ill. ;
|c 22 cm.
|
| 541 |
1 |
|
|e 00009053
|
| 650 |
|
0 |
|a Geometry.
|
| 650 |
|
0 |
|a Vector analysis.
|
| 852 |
4 |
|
|a Ayesha Abed Library
|j General shelf
|
| 942 |
0 |
0 |
|0 1
|
| 999 |
|
|
|c 8648
|d 8648
|
| 952 |
|
|
|0 0
|1 1
|2 ddc
|4 0
|6 516_000000000000000_MOH_2001
|7 0
|9 10339
|a BRACUL
|b BRACUL
|c GEN
|d 2010-05-19
|l 0
|o 516 MOH
|p 3010009053
|r 2010-05-19
|t 5
|w 2010-05-19
|y BK
|
| 952 |
|
|
|0 0
|1 2
|2 ddc
|4 0
|6 516_000000000000000_MOH
|7 0
|9 10340
|a BRACUL
|b BRACUL
|c GEN
|d 2010-05-19
|l 5
|m 38
|o 516 MOH
|p 3010009052
|q 2017-03-27
|r 2012-03-25
|s 2012-03-25
|t 4
|w 2010-05-19
|y BK
|
| 952 |
|
|
|0 0
|1 0
|2 ddc
|4 1
|6 516_MOH_200100000000000
|7 0
|9 10341
|a BRACUL
|b BRACUL
|c SPS
|d 2010-05-19
|l 26
|m 187
|o 516 MOH
|p 3010009054
|r 2020-02-09
|s 2020-01-20
|t 6
|w 2010-05-19
|y BK
|x Photocopy Book. Declared as Damaged on December 10, 2023
|
| 952 |
|
|
|0 0
|1 0
|2 ddc
|4 1
|6 516_000000000000000_MOH_2001
|7 0
|9 10342
|a BRACUL
|b BRACUL
|c SPS
|d 2010-05-19
|l 35
|m 121
|o 516 MOH
|p 3010009055
|r 2018-05-03
|s 2018-03-22
|t 7
|w 2010-05-19
|y BK
|
| 952 |
|
|
|0 0
|1 1
|2 ddc
|4 0
|6 516_000000000000000_MOH_2001
|7 0
|9 10344
|a BRACUL
|b BRACUL
|c GEN
|d 2010-05-19
|l 0
|o 516 MOH
|p 3010009048
|r 2010-05-19
|t 1
|w 2010-05-19
|y BK
|
| 952 |
|
|
|0 0
|1 0
|2 ddc
|4 0
|6 516_MOH_200100000000000
|7 0
|9 10345
|a BRACUL
|b BRACUL
|c GEN
|d 2010-05-19
|l 26
|m 83
|o 516 MOH
|p 3010009049
|r 2026-04-12
|s 2026-03-28
|t 2
|w 2010-05-19
|y BK
|
| 952 |
|
|
|0 0
|1 0
|2 ddc
|4 1
|6 516_000000000000000_MOH_2001
|7 0
|9 10346
|a BRACUL
|b BRACUL
|c SPS
|d 2010-05-19
|l 22
|m 116
|o 516 MOH
|p 3010009050
|r 2019-08-26
|s 2019-04-28
|t 3
|w 2010-05-19
|y BK
|
| 952 |
|
|
|0 0
|1 0
|2 ddc
|4 1
|6 516_000000000000000_MOH_2001
|7 0
|9 10347
|a BRACUL
|b BRACUL
|c SPS
|d 2010-05-19
|l 33
|m 172
|o 516 MOH
|p 3010009057
|r 2019-12-11
|s 2019-05-09
|t 8
|w 2010-05-19
|y BK
|
| 952 |
|
|
|0 0
|1 0
|2 ddc
|4 1
|6 516_000000000000000_MOH_2001
|7 0
|9 10611
|a BRACUL
|b BRACUL
|c SPS
|d 2010-06-01
|l 27
|m 156
|o 516 MOH
|p 3010009056
|r 2020-02-06
|s 2020-01-30
|t 9
|w 2010-06-01
|y BK
|
| 952 |
|
|
|0 0
|1 0
|2 ddc
|4 0
|6 516_000000000000000_MOH
|7 0
|9 14576
|a BRACUL
|b BRACUL
|c GEN
|d 2011-03-06
|g 250.00
|l 20
|m 104
|o 516 MOH
|p 3010011737
|r 2026-01-18
|s 2026-01-18
|t 10
|w 2011-03-06
|y BK
|